Name a Valid Country with Exceptions - Statistics

General Stats
  • This quiz has been taken 76 times
  • The average score is 13 of 20
Answer Stats
Exception Name a valid country... Country % Correct
Is not in Europe That has a life expectancy of over 83 Singapore | Japan | Canada | Israel
98%
Has an area of less than 7 million sq. km That has a coastline of over 20,000 km Indonesia | Denmark | Chile | Norway
90%
Borders Russia for less than 250 km That borders Russia Lithuania | Poland | Norway | North Korea
90%
Is not in Asia That has a population of over 200 million United States | Nigeria | Brazil
87%
Is not in Asia That has a maximum elevation of over 6,500 meters Argentina | Chile | Peru | Bolivia
84%
Has an area of more than 30,000 sq. km That has a population density of over 400 people per sq. km Bangladesh | Taiwan | South Korea | India
81%
Is not in Europe That has a southernmost point further north than 40° N Canada | Georgia | Kazakhstan
76%
Is not in the top 20 coldest countries in the world That has gotten more than 140 winter Olympic medals United States | Germany | Netherlands | Italy
73%
Is not in Oceania That is within 2000 kilometers of Australia Indonesia | East Timor | Philippines
71%
Is not in Europe That has a GDP per capita of over $75,000 Singapore | Qatar | United Arab Emirates
71%
Has an area of less than 1 million sq. km That spans at least 1,800 km north to south Chile | Myanmar | Mozambique
70%
Is not in Europe That will shrink in population by more than 25% by 2070 Jamaica | South Korea | Japan
68%
Is not in Europe Has a male average height of over 178 cm Dominica | Lebanon | Antigua and Barbuda | Canada
60%
Is not a majority Islamic country That 1% or less of the population is Christian Nepal | Bhutan | Cambodia
51%
Is not in Africa or the Middle East That at least 98% of the population is Muslim Afghanistan | Maldives | Comoros
48%
Is not in Asia That has a flag that is at least 50% white Finland | Uruguay | Monaco | Poland
48%
Is not in Europe Contributes to more than 3% of JetPunk users United States | Canada | Brazil | Australia
48%
Has a population of less than 300 million That has more than one megacity Japan | Brazil | Pakistan
44%
Is not in Africa, South America, or Oceania That has territory below the equator East Timor | Indonesia | Maldives
43%
Does not border the Mediterranean Sea That produces more than 24,000 metric tons of olives Portugal | Argentina | Chile
37%
No matching quizzes found
Score Distribution
Percent of People with Each Score
Percentile by Number Answered
Your Score History
You have not taken this quiz